Leading in the Age of Innovations Change of Values and Approaches

Salvato in:
Dettagli Bibliografici
Autore principale: Theodoulides, Lenka
Altri autori: Kormancová, Gabriela, Cole, David
Natura: Libro
Lingua:inglese
Pubblicazione: New York Routledge/Taylor & Francis Group 2019
Edizione:1st Edition
Serie:Routledge Studies in Leadership Research
Soggetti:
Tags: Aggiungi Tag
Nessun Tag, puoi essere il primo ad aggiungerne!!

MARC

LEADER 00000nam a2200000 4500
001 0258083
005 20220927140526.7
020 |a 978-0-8153-7903-4 
041 0 |a eng 
044 |a US 
245 1 0 |a Leading in the Age of Innovations  |b Change of Values and Approaches  |c Lenka Theodoulides, Gabriela Kormancová, David Cole 
250 |a 1st Edition 
264 1 |a New York  |b Routledge/Taylor & Francis Group  |c 2019 
300 |a 249 s. 
490 1 |a Routledge Studies in Leadership Research 
830 0 |a Routledge Studies in Leadership Research 
610 2 0 |a vodcovstvo 
610 2 0 |a vedenie podniku 
610 2 0 |a zodpovednosť podniku spoločenská 
610 2 0 |a štúdie prípadové 
610 2 0 |a obdobie prechodné 
610 2 0 |a sily pracovné 
610 2 0 |a inovácia 
610 2 0 |a technológie nové 
610 2 0 |a stredná Európa 
610 2 0 |a východná Európa 
100 1 |a Theodoulides, Lenka 
700 1 |a Kormancová, Gabriela 
700 1 |a Cole, David